| 000 | 01050nam2a2200253 4500 | ||
|---|---|---|---|
| 001 | rc\2884100 | ||
| 005 | 20260315052451.0 | ||
| 035 | _a(NLR Aleph) 007036794 | ||
| 090 |
_a13585877 _c13585877 |
||
| 100 | _a20110721d1933 u y0rusy50 ca | ||
| 101 | 0 | _arus | |
| 102 | _aRU | ||
| 105 | _aa z ||||| | ||
| 200 | 1 |
_aТкацкие переплетения _fС.В. Молчанов |
|
| 210 | _d[1933] | ||
| 215 |
_a45 с., 3 с. объявл. _cил. |
||
| 461 | 0 |
_1001rc\2884099 _12001#$aТехнология хлопка$vУрок 14 _96057810 _aМосковский заочный текстильный институт _cМосква _d[1933] _nГос. изд-во лег. пром-сти _tТехнология хлопка _vУрок 14 |
|
| 700 | 1 |
_aМолчанов _bС. В. _cканд. техн. наук, ткачество _f1887-1970 _gСергей Васильевич _9169851 _3RU\NLR\AUTH\770169901 |
|
| 801 | 0 |
_aRU _bNLR _gpsbo |
|
| 801 | 1 |
_aRU _bELAR _2rusmarc |
|
| 852 |
_aNLR _j32-17/323(14) |
||
| 942 | _cUNSPEC | ||
| 980 | _aNB | ||